Macbeth / (Record no. 6715)
[ view plain ]
| 000 -LEADER | |
|---|---|
| fixed length control field | 00669nam a22002297a 4500 |
| 003 - CONTROL NUMBER IDENTIFIER | |
| control field | BUBTL |
| 008 - FIXED-LENGTH DATA ELEMENTS--GENERAL INFORMATION | |
| fixed length control field | 220526b ||||| |||| 00| 0 eng d |
| 020 ## - INTERNATIONAL STANDARD BOOK NUMBER | |
| International Standard Book Number | 9788131711033 |
| 082 ## - DEWEY DECIMAL CLASSIFICATION NUMBER | |
| Classification number | 822.33/ Sh152m/ 2009 |
| 100 ## - MAIN ENTRY--PERSONAL NAME | |
| 9 (RLIN) | 1992 |
| Personal name | Shakespeare, William |
| 245 ## - TITLE STATEMENT | |
| Title | Macbeth / |
| Statement of responsibility, etc. | William Shakespeare |
| 250 ## - EDITION STATEMENT | |
| Edition statement | 1st Edn. |
| 260 ## - PUBLICATION, DISTRIBUTION, ETC. (IMPRINT) | |
| Place of publication, distribution, etc. | Delhi |
| Name of publisher, distributor, etc. | Pearson |
| Date of publication, distribution, etc. | c2009 |
| 300 ## - PHYSICAL DESCRIPTION | |
| Extent | lviii, 277 p.: |
| Dimensions | 230 cm. |
| 440 ## - SERIES STATEMENT/ADDED ENTRY--TITLE | |
| 9 (RLIN) | 1993 |
| Title | Longman Study Edition |
| 505 ## - FORMATTED CONTENTS NOTE | |
| Formatted contents note | Macbeth, William Shakespeare, English Literature |
| 650 #0 - SUBJECT ADDED ENTRY--TOPICAL TERM | |
| 9 (RLIN) | 1994 |
| Topical term or geographic name as entry element | English Literature |
| 700 ## - ADDED ENTRY--PERSONAL NAME | |
| 9 (RLIN) | 4583 |
| Personal name | Sen, Abhijit |
| 856 ## - ELECTRONIC LOCATION AND ACCESS | |
| Password | 0 |
| Logon | 0 |
| Link text | Download |
| 942 ## - ADDED ENTRY ELEMENTS (KOHA) | |
| Source of classification or shelving scheme | |
| Koha item type | Books |
| Withdrawn status | Lost status | Source of classification or shelving scheme | Damaged status | Not for loan | Collection code | Permanent location | Current location | Shelving location | Date acquired | Source of acquisition | Inventory number | Total Checkouts | Full call number | Barcode | Date last seen | Date last checked out | Copy number | Price effective from | Koha item type |
|---|---|---|---|---|---|---|---|---|---|---|---|---|---|---|---|---|---|---|---|
| Fiction | Bangladesh University of Business and Technology Library | Bangladesh University of Business and Technology Library | English Literature Stacks | 09/11/2014 | Purchase | 11848 | 2 | 822.33/ Sh152m/ 2009 | BUBTL-200311848 | 10/25/2023 | 10/19/2023 | C-1 | 05/26/2022 | Books | |||||
| Fiction | Bangladesh University of Business and Technology Library | Bangladesh University of Business and Technology Library | English Literature Stacks | 09/11/2014 | Purchase | 11849 | 2 | 822.33/ Sh152m/ 2009 | BUBTL-200311849 | 04/02/2024 | 03/31/2024 | C-2 | 05/26/2022 | Books | |||||
| Fiction | Bangladesh University of Business and Technology Library | Bangladesh University of Business and Technology Library | English Literature Stacks | 09/11/2014 | Purchase | 11850 | 822.33/ Sh152m/ 2009 | BUBTL-200311850 | 05/26/2022 | C-3 | 05/26/2022 | Books | |||||||
| Not For Loan | Fiction | Bangladesh University of Business and Technology Library | Bangladesh University of Business and Technology Library | English Literature Stacks | 09/11/2014 | Purchase | 11851 | 822.33/ Sh152m/ 2009 | BUBTL-200311851 | 05/26/2022 | C-4 | 05/26/2022 | Books | ||||||
| Fiction | Bangladesh University of Business and Technology Library | Bangladesh University of Business and Technology Library | English Literature Stacks | 04/18/2017 | Purchase | 23866 | 2 | 822.33/ Sh152m/ 2009 | BUBTL-200323866 | 04/30/2024 | 03/18/2024 | C-5 | 05/26/2022 | Books | |||||
| Fiction | Bangladesh University of Business and Technology Library | Bangladesh University of Business and Technology Library | English Literature Stacks | 04/18/2017 | Purchase | 23867 | 2 | 822.33/ Sh152m/ 2009 | BUBTL-200323867 | 03/31/2024 | 03/28/2024 | C-6 | 05/26/2022 | Books | |||||
| Fiction | Bangladesh University of Business and Technology Library | Bangladesh University of Business and Technology Library | English Literature Stacks | 04/18/2017 | Purchase | 23868 | 4 | 822.33/ Sh152m/ 2009 | BUBTL-200323868 | 04/28/2024 | 04/15/2024 | C-7 | 05/26/2022 | Books | |||||
| Fiction | Bangladesh University of Business and Technology Library | Bangladesh University of Business and Technology Library | English Literature Stacks | 04/18/2017 | Purchase | 23869 | 822.33/ Sh152m/ 2009 | BUBTL-200323869 | 05/26/2022 | C-8 | 05/26/2022 | Books | |||||||
| Fiction | Bangladesh University of Business and Technology Library | Bangladesh University of Business and Technology Library | English Literature Stacks | 04/18/2017 | Purchase | 23870 | 3 | 822.33/ Sh152m/ 2009 | BUBTL-200323870 | 05/14/2024 | 05/06/2024 | C-9 | 05/26/2022 | Books |
